000 00732nam a2200229Ii 4500
003 JO-AjNU
008 230605s9999||||xx |||||||||||||| ||und||
017 _a2017/5/2723
020 _a978-9957-616-94-6
040 _aJO-AjNU
_bara
_erda
_cJO-AjNU
041 _aara
050 1 4 _aQ180.R33 2018
100 3 _aالربيعي، محمود داود واخرون ,
_eauthor
_957945
245 0 0 _aاسس البحث العلمي
250 _aط1
264 3 1 _aعمان: دار صفاء للنشر والتوزيع، 2018
300 _a416ص
336 _atext
_btxt
_2rdacontent
337 _aunmediated
_bn
_2rdamedia
338 _avolume
_bnc
_2rdacarrier
650 4 _aاساليب البحث- البحث العلمي
_957946
999 _aA25996
_c29564
_d29564